Národní akční plán podporujíci pozitivní stárnutí pro období let 2013 až 2017
Proces tvorby Národného akčného plánu podporujúceho pozitívne starnutie pre obdobie rokov 2013 až 2017 (NAP 2013-2017). Štátna sociálna politika v oblasti starnutia a zamestnávania starších osôb a seniorov.
Salvato in:
| Autore principale: | |
|---|---|
| Natura: | Capitolo di libro |
| Lingua: | ceco |
| Soggetti: | |
| Tags: |
Nessun Tag, puoi essere il primo ad aggiungerne!!
|
MARC
| LEADER | 00000naa a2200000 4500 | ||
|---|---|---|---|
| 001 | 0172172 | ||
| 005 | 20221020085208.7 | ||
| 041 | 0 | |a cze | |
| 044 | |a CZ | ||
| 245 | 1 | 0 | |a Národní akční plán podporujíci pozitivní stárnutí pro období let 2013 až 2017 |c Lenka Bočková |
| 520 | |a Proces tvorby Národného akčného plánu podporujúceho pozitívne starnutie pre obdobie rokov 2013 až 2017 (NAP 2013-2017). Štátna sociálna politika v oblasti starnutia a zamestnávania starších osôb a seniorov. | ||
| 610 | 2 | 0 | |a politika sociálna |
| 610 | 2 | 0 | |a problémy spoločenské |
| 610 | 2 | 0 | |a nástroje politiky sociálnej |
| 610 | 2 | 0 | |a prognózy sociálne |
| 610 | 2 | 0 | |a zamestnanosť |
| 610 | 2 | 0 | |a seniori |
| 100 | 1 | |a Bočková, Lenka | |